00849nam a2200253Ia 4500003000900000008004100009020002200050040001600072080001300088100002300101245007200124250001200196260004800208300001700256650003000273650003300303650002100336650002300357700002800380700002500408942000700433999001700440952013800457IN-BaIIA211028s9999 xx 000 0 eng d a978-81-317-5891-5 cIIA Library a531bGOL aGoldstein, Herbert 0aClassical mechanicscHerbert Goldstein, C. P. Poole and J. L. Safko a3rd ed. aNew DelhibPearson-Dorling Kindersleyc2013 axviii, 646p. aClassical mechanics91541 aElementary principles927097 aKinematics91556 aOscillations92762 aPoole, Charles P923023 aSafko, John L935524 cBK c18492d18492 00104070aBANbBANcGENd2013-01-16eBBI g550.00l3o531/ GOLp19414r2025-02-20s2025-02-20v550.00w2013-01-16yBKGRs. 550.00